000 00943cam a2200289 i 4500
999 _c61511
_d61511
001 61511
003 Mx-PuUPA
005 20251003090650.0
008 141006s2006 enka gr 001 0 eng d
020 _a97804700843865
020 _a10470843764
040 _aMx-PuUPA
_bspa
_cMx-PuUPA
_dMx-PuUPA
_erda
041 0 _aeng
100 1 _aPapazoglou, M.,
_d1953-
_eautor
_99248
245 1 0 _aE-business :
_borganizational and technical foundations /
_cMichael P. Papazoglou and Pieter M.A. Ribbers
264 3 1 _aEngland :
_bJohn Wiley & sons,
_c2006
300 _axxviii, 722 páginas :
_bdiagramas ;
_c24 cm.
336 _atexto
_2rdacontent
_btxt
337 _asin medio
_2rdamedia
_bn
338 _avolumen
_2rdacarrier
_bnc
650 4 _aComercio electrónico
_xAdministración
650 4 _aEmpresas
_xAdministración
700 1 _aRibbers, Pieter M.A.,
_eautor
942 _2lcc
_cLI
_h381.142
_iP213